Promotion social inclusion through the de-institutionalization of social services in the Slovak Republic
Tvorba sociálnych služieb na Slovensku a vytváranie komunitných sociálnych služieb. Prepojenie a koordinácia služieb podporujúca integráciu ľudí so zdravotným postihnutím a seniorov v komunite.
Enregistré dans:
| Auteur principal: | |
|---|---|
| Format: | Chapitre de livre |
| Langue: | anglais |
| Sujets: | |
| Tags: |
Pas de tags, Soyez le premier à ajouter un tag!
|
MARC
| LEADER | 00000nla a2200000 4500 | ||
|---|---|---|---|
| 001 | 0204269 | ||
| 005 | 20240502083512.8 | ||
| 041 | 0 | |a eng | |
| 044 | |a IT | ||
| 245 | 1 | 0 | |a Promotion social inclusion through the de-institutionalization of social services in the Slovak Republic |c Mária Husáková |
| 520 | |a Tvorba sociálnych služieb na Slovensku a vytváranie komunitných sociálnych služieb. Prepojenie a koordinácia služieb podporujúca integráciu ľudí so zdravotným postihnutím a seniorov v komunite. | ||
| 610 | 2 | 0 | |a Slovensko |
| 610 | 2 | 0 | |a služby sociálne |
| 610 | 2 | 0 | |a služby starostlivosti sociálnej |
| 610 | 2 | 0 | |a decentralizácia |
| 610 | 2 | 0 | |a koordinácia |
| 610 | 2 | 0 | |a integrácia sociálna |
| 100 | 1 | |a Husáková, Mária | |